Normal view
MARC view
Entry Topical Term
001 - CONTROL NUMBER
- control field: 41497
003 - CONTROL NUMBER IDENTIFIER
- control field: ARRUPE
005 - DATE AND TIME OF LATEST TRANSACTION
- control field: 20180412102651.0
008 - FIXED-LENGTH DATA ELEMENTS
- fixed length control field: 180412|| aca||aabn | a|a d
040 ## - CATALOGING SOURCE
- Original cataloging agency: ARRUPE
- Transcribing agency: ARRUPE
150 ## - HEADING--TOPICAL TERM
- Topical term or geographic name as entry element: Zela (African people)
- General subdivision: Social life and customs.
670 ## - SOURCE DATA FOUND
- Source citation: Work cat.: (ARRUPE)0: Boulanger, André. 41496, Société et religion des Zela (Rép. du Zaïre) /, 1985.